| 000 | 00540nam a22001937a 4500 | ||
|---|---|---|---|
| 003 | MPLRDC | ||
| 005 | 20220104203640.0 | ||
| 008 | 210129b ||||| |||| 00| 0 eng d | ||
| 020 | _a978-986-241-475-0 | ||
| 082 | _a411.3 BZZE | ||
| 100 | _a白泽卓二 TAKUJI SHIRASAWA | ||
| 245 |
_a活到100岁活力饮食法 _c吕美女 译 |
||
| 250 | _a初版一刷 | ||
| 260 |
_a台湾 _b天下杂志股份有限公司 _c2012 |
||
| 300 | _b平 | ||
| 520 | _a新书上架 2018-09-16。 | ||
| 650 | _a营养与食品 | ||
| 942 |
_cBK _o411.3 BZZE |
||
| 999 |
_c68225 _d68215 |
||